ENTREPRENEURSHIP INNOVATION AND TECHNOLOGY A GUIDE TO CORE (Record no. 32628)
[ view plain ]
| 000 -LEADER | |
|---|---|
| fixed length control field | 00453nam a2200181Ia 4500 |
| 003 - CONTROL NUMBER IDENTIFIER | |
| control field | OSt |
| 005 - DATE AND TIME OF LATEST TRANSACTION | |
| control field | 20250219164923.0 |
| 008 - FIXED-LENGTH DATA ELEMENTS--GENERAL INFORMATION | |
| fixed length control field | 240624s9999 xx 000 0 und d |
| 040 ## - CATALOGING SOURCE | |
| Transcribing agency | xyz |
| 041 ## - LANGUAGE CODE | |
| Language code of text/sound track or separate title | eng |
| 082 ## - DEWEY DECIMAL CLASSIFICATION NUMBER | |
| Classification number | 658.421 LOR |
| 100 ## - MAIN ENTRY--PERSONAL NAME | |
| Personal name | LORENZO OSWALDO |
| 245 ## - TITLE STATEMENT | |
| Title | ENTREPRENEURSHIP INNOVATION AND TECHNOLOGY A GUIDE TO CORE |
| 260 ## - PUBLICATION, DISTRIBUTION, ETC. | |
| Date of publication, distribution, etc. | 2018 |
| Place of publication, distribution, etc. | New York |
| Name of publisher, distributor, etc. | Routledge |
| 300 ## - PHYSICAL DESCRIPTION | |
| Extent | 116p. ;23cm. |
| 365 ## - TRADE PRICE | |
| Currency code | BPS |
| Price amount | 33 |
| 942 ## - ADDED ENTRY ELEMENTS (KOHA) | |
| Source of classification or shelving scheme | Dewey Decimal Classification |
| Koha item type | Books |
| Suppress in OPAC | No |
| Withdrawn status | Lost status | Source of classification or shelving scheme | Damaged status | Not for loan | Home library | Current library | Shelving location | Date acquired | Full call number | Barcode | Date last seen | Copy number | Price effective from | Koha item type |
|---|---|---|---|---|---|---|---|---|---|---|---|---|---|---|
| Dewey Decimal Classification | IMTN | IMTN | Rack 32-A | 01/07/2022 | 658.421 LOR | 32628 | 06/24/2024 | 104.6 | 06/24/2024 | Books |